Songs with "Dream" in the Title - Statistics

General Stats
  • This quiz has been taken 183 times
  • The average score is 7 of 18
Answer Stats
Song % Correct
Sweet Dreams (Are Made of This)
77%
California Dreamin'
73%
Dreams
73%
Dream On
70%
Don't Dream It's Over
42%
Teenage Dream
40%
Dream a Little Dream of Me
35%
Boulevard of Broken Dreams
32%
Dreaming
31%
All I Have to Do Is Dream
30%
Dream Lover
28%
These Dreams
28%
I Dreamed a Dream
25%
Dream Police
21%
Dream Weaver
20%
In Dreams
18%
Your Wildest Dreams
13%
{Sleep} to Dream
9%
No matching quizzes found
Score Distribution
Percent of People with Each Score
Percentile by Number Answered
Your Score History
You have not taken this quiz